Les pays qui ont des satellites artificiels - Statistiques

Statistiques générales
  • Ce quiz a été pris 216 fois
  • Le résultat moyen est 37 sur 50
Statistiques - réponses
Date de premier lancement d'un satellite Pays % Correct
1957 Etats-Unis
99%
1965 France
99%
1970 Japon
98%
1971 Royaume Uni
97%
1970 Chine
96%
1962 Canada
95%
1974 Espagne
95%
1975 Inde
95%
1985 Brésil
94%
1957 URSS
94%
1992 Corée du Sud
93%
1985 Mexique
93%
1964 Italie
92%
1990 Argentine
90%
1986 Suède
89%
2017 Algérie
88%
1967 Australie
88%
1997 Norvège
88%
2017 Maroc
87%
2009 Iran
86%
1993 Portugal
86%
1999 Afrique du Sud
85%
2012 Corée du Nord
85%
1998 Egypte
84%
1976 Indonésie
83%
2018 Indonésie
83%
1985 Arabie Saoudite
81%
1990 Pakistan
80%
2014 Belgique
77%
1994 Turquie
77%
1999 Danemark
76%
1988 Israël
76%
2014 Irak
74%
2008 Viêt Nam
74%
1974 Pays Bas
73%
1993 Thaïlande
69%
2000 Emirats Arabes Unis
66%
2016 Pérou
64%
1996 Malaisie
61%
1999 Taiwan
57%
1997 Philippines
53%
2017 Vénézuela
51%
2018 Bangladesh
44%
1969 RFA
44%
1988 Luxembourg
40%
2014 Uruguay
36%
1978 Tchécoslovaquie
28%
1981 Bulgarie
27%
2017 Angola
15%
2015 Turkménistan
7%
Aucun quiz correspondant
Distribution des résultats
% des personnes avec chaque résultat
Percentile par nombre de réponses
Votre historique - résultats
Vous n’avez pas pris ce quiz